000 00216 a2200097 4500
001 19702
100 _aBurr, A A
245 _aMeasurements in applied physics
260 _a
_bChapman & Hall
_c
090 _c14349
_d14349
942 _aNUST-CAE
_cM
_c4835
999 _c254775
_d254775